Trasnational companies and banana exports from Ecuador, 1948 - 1972: an interpretation
Guardat en:
| Autor principal: | |
|---|---|
| Format: | Text |
| Etiquetes: |
Afegir etiqueta
Sense etiquetes, Sigues el primer a etiquetar aquest registre!
|
MARC
| LEADER | 00000 a a2200000 04500 | ||
|---|---|---|---|
| 001 | 24400 | ||
| 003 | |||
| 040 | |||
| 090 | |a 155000 | ||
| 100 | |a Larrea Maldonado, Carlos | ||
| 245 | |a Trasnational companies and banana exports from Ecuador, 1948 - 1972: an interpretation | ||
| 300 | |a pp. 3-42 | ||
| 999 | |c 1057 |d 1057 | ||
